Представление документа в формате RUSMARC

ПолеНазваниеЗначение
  Тип записи i
  Библиографический уровень m
001 Контрольный номер RU\NLR\BIBL_A\011917863
005 Дата корректировки 20211217162021.9
010 Индекс ISBN __
a ISBN 978-5-9677-2753-5
b Уточнения в кор.
d Цена 181-00
100 Данные общей обработки __
a Данные общей обработки 20190125d2018####ma y0rusa0289 ca
101 Язык документа 0_
a Язык текста rus
102 Страна публикации __
a Страна публикации RU
106 Кодированные данные (форма документа) __
a Кодированные данные для формы документа (Обозначение носителя) s
125 Кодированные данные звукозаписи и нотных изданий __
b Определитель литературного текста с
126 Кодированные данные (звукозаписи-физические характеристики) __
a Кодированные данные звукозаписи (общие) аgbхhхх сd
127 Кодированные данные (звукозаписи-физические характеристики) __
a Продолжительность проигрывания 1203##
135 Кодированные данные (электронные ресурсы) __
a Кодированные данные (электронные ресурсы) hongannnauuuu
139 Кодированные данные (электронные ресурсы) __
a Кодированные данные (электронные ресурсы) caz
181 Поле кодированных данных: вид содержания _0
a Код вида содержания (ISBD) h
182 Поле кодированных данных: тип средства _0
a Код типа средства (ISBD) a
200 Заглавие и сведения об ответственности 1_
a Заглавие Мать
e Сведения, относящиеся к заглавию [роман : аудиокнига]
f Первые сведения об ответственности Максим Горький ; исполнитель и звукорежиссер: Максим Суслов ; композитор: А. Данилевский
203 Вид содержания и тип средства __
a Вид содержания Устная речь
c Тип средства аудио
210 Выходные данные 1_
a Место издания Москва
c Издательство 1С-Паблишинг
d Дата издания 2018
215 Физическое описание __
a Объем 1 электрон. опт. диск (CD-ROM) (12 ч. 3 мин.)
c Иллюстрации/тип воспроизводства зв.
d Формат 12 см
225 Серия 1_
a Серия 1С: Аудиокниги
225 Серия 1_
a Серия Русская классика
300 Общие примечания __
a Общие примечания Заглавие с этикетки диска
300 Общие примечания __
a Общие примечания Данные в формате MP3
330 Аннотация __
a Аннотация Горький внес выдающийся вклад в отечественную и мировую культуру. Он одним из первых описал "другую" Россию, страну людей, принадлежащих самым низшим слоям общества. Читающей публике открылся мир, не походивший на большинство миров, которые создали писатели XIX века. Горький был "романтиком дна", он поддержал большевиков, но к Октябрьской революции отнесся поначалу скептически. В дальнейшем ходатайствовал перед большевиками за арестованных и приговоренных к смертной казни. Считается основателем метода социалистического реализма в литературе. Послушайте аудиоверсию одного из самых сильных произведений Максима Горького. Роман "Мать" был написан в 1906 году во время его путешествия в США. Книга переведена практически на все основные языки и по сей день актуальна.
333 Примечание о целевом назначении __
a Примечание о целевом назначении 12+. Для детей старше 12 лет
337 Примечание о системных требованиях (электронные ресурсы) __
a Примечание о системных требованиях (электронные ресурсы) Системные требования: MS Windows 95/98/2000/ XP/Vista/7/8/10 ; Pentium 100 ; ОЗУ 16 Мб ; монитор SVGA, 800x600 ; устройство чтения CD/DVD-ROM ; звуковая карта ; колонки или наушники ; мышь
606 Тематические рубрики __
a Основная рубрика Художественная литература
606 Тематические рубрики __
a Основная рубрика Русская литература XX в. (произведения)
610 Ключевые слова 0_
a Ключевые слова русская классика
610 Ключевые слова 0_
a Ключевые слова русская классическая литература
610 Ключевые слова 0_
a Ключевые слова классика
610 Ключевые слова 0_
a Ключевые слова романы
610 Ключевые слова 0_
a Ключевые слова тема судьбы
610 Ключевые слова 0_
a Ключевые слова тема человека
610 Ключевые слова 0_
a Ключевые слова тема революции
610 Ключевые слова 0_
a Ключевые слова политическая борьба
686 Индексы других классификаций __
a Классификационный индекс 84(2=411.2)6-4я04; ст84(2=411.2)6-4я0
2 Код системы rubbks
700 Автор _1
a Фамилия Горький
b Имя М.
f Даты 1868-1936
g Полное личное имя Максим
3 Контрольный № нормативной записи RU\NLR\AUTH\77104
c Титул (звания) Пешков, Алексей Максимович
4 Код отношения 070
702 Вторичная интеллектуальная ответственность _1
a Фамилия Суслов
b Имя М.
g Полное личное имя Максим
4 Код отношения 590
4 Код отношения 570
702 Вторичная интеллектуальная ответственность _1
a Фамилия Данилевский
b Имя А.
4 Код отношения 230
790 Имя лица - альтернативная форма _1
a Имя лица - альтернативная форма Пешков
f Даты 1868-1936
b Имя А. М.
g Полное личное имя Алексей Максимович
801 Источник записи _0
a Страна RU
b Организация NLR
c Дата составления 20190125
g Правила каталогизации PSBO
801 Источник записи _1
a Страна RU
b Организация NLR
c Дата составления 20190125
2 Код формата rusmarc
g Правила каталогизации PSBO
801 Источник записи _2
a Страна RU
b Организация NLR
c Дата составления 20190215
2 Код формата rusmarc
g Правила каталогизации PSBO
852 Данные о местонахождении __
i Авторский знак Г 71
j Шифр хранения 84(2=411.2)6-4я04
899 Данные о местонахождении __
a Местонахождение ЦБС Сургут
900 Макрообъекты __
a Макрообъекты Мать. М. Горький, 2018 г. (эл. ресурс)
901 Тип документа __
a Ответственный ООФиК/Волкова
t Тип документа 0
903 Характеристики (МАРС) __
a Дата передачи 20210209
c Наименование библиотеки (МАРС) Муниципальное бюджетное учреждение культуры "Централизованная библиотечная система" г. Сургут (Центральная городская библиотека им. А. С. Пушкина)
969 Тип издания __
a Тип издания издание для слепых
a Тип издания аудиокнига
990 Данные о заказе (DOS) __
j Количество экземпляров (DOS) 2
t N записи в КСУ для И/У (DOS) 202102